=LDR 00000nam 2200000 4500 =001 INLIS000000000005288 =005 20251013092936 =035 ##$$a 0010-1025000343 =007 ta =008 251013###########################0#ind## =082 ##$$a 353.6 =084 ##$$a 353.6 KEP =245 ##$$a KEPUTUSAN KEPALA BADAN KOORDINASI KELUARGA BERENCANA NASIONAL /$c BADAN KOORDINASI KELUARGA BERENCANA NASIONAL =260 ##$$a Jakarta :$b Badan Koordinasi Keluarga Berencana Nasional,$c 1986 =300 ##$$a 20 Hal : $b Ilus ; $c 21 =650 #4$$a Keluarga Berencana =856 ##$$a Perpustakaan Kemendukbangga